000 00563nam a2200193Ia 4500
005 20250326141611.0
008 250326s9999 xx 000 0 und d
020 _a81-7054-119-0
037 _aTextbook
040 _aFMSL
_beng
_cFMSL
041 _aeng
_2eng
084 _aX8(M7) N0
_qFMSL
100 _aAnjaneyulu G
_9223344
245 0 _aFicial management in the co-operative handloom industry
_cAnjaneyulu G
260 _aNew Delhi
_bNew Delhi, Classic Pub.
_c1990
300 _avi,311
942 _cTB
_hX8(M7) N0
999 _c1291087
_d1291087